[Event "POL Academic Cup 2nd"]
[Site "Wroclaw"]
[Date "2007.05.04"]
[Round "9"]
[White "Piotrowicz, Marcin"]
[Black "Wesolowska, Magdalena"]
[Result "0-1"]
[WhiteElo "2100"]
[BlackElo "1990"]
[PlyCount "61"]
[EventDate "2007.04.28"]
[EventType "swiss"]
[EventRounds "9"]
[EventCountry "POL"]
[SourceTitle "EXT 2011"]
[Source "ChessBase"]
[SourceDate "2010.11.26"]
[SourceVersion "1"]
[SourceVersionDate "2010.11.26"]
[SourceQuality "1"]

1. e4 c6 2. d4 d5 3. f3 Nd7 4. c4 dxe4 5. Nc3 exf3 6. Nxf3 Ngf6 7. Bd3 e6 8. 0-0 Be7 9. Kh1 0-0 10. Bf4 a6 11. Ne5 c5 12. d5 exd5 13. Nxd7 Bxd7 14. cxd5 Bg4 15. Qd2 Kh8 16. h3 Bc8 17. Be2 Bd6 18. Bg5 Be5 19. Rad1 Bd4 20. Bf3 Qb6 21. Na4 Qb5 22. b3 a5 23. Be2 Qb4 24. Bxf6 Qxd2 25. Rxd2 gxf6 26. Nb6 Rb8 27. Bb5 Rd8 28. Bc4 Rd6 29. Re2 Rxb6 30. Re8+ Kg7 31. Rfe1 0-1

[Event "POL Academic Cup 2nd"]
[Site "Wroclaw"]
[Date "2007.05.01"]
[Round "5"]
[White "Piotrowicz, Marcin"]
[Black "Galazewski, Tomasz"]
[Result "0-1"]
[WhiteElo "2100"]
[BlackElo "2232"]
[PlyCount "49"]
[EventDate "2007.04.28"]
[EventType "swiss"]
[EventRounds "9"]
[EventCountry "POL"]
[SourceTitle "EXT 2011"]
[Source "ChessBase"]
[SourceDate "2010.11.26"]
[SourceVersion "1"]
[SourceVersionDate "2010.11.26"]
[SourceQuality "1"]

1. e4 c5 2. Ne2 Nc6 3. g3 d5 4. exd5 Qxd5 5. Rg1 Qh5 6. Bg2 Qxh2 7. Kf1 Bh3 8. Nf4 Bxg2+ 9. Rxg2 Qh6 10. d3 e5 11. Ne2 Qh5 12. Nbc3 Nf6 13. Be3 0-0-0 14. Ng1 Ng4 15. Ne4 f5 16. Nd2 Be7 17. Qe2 Rhf8 18. f3 Nf6 19. Rh2 Qg6 20. Bf2 e4 21. Nb3 Nh5 22. Rh3 f4 23. Qxe4 Qxe4 24. dxe4 fxg3 25. Bxg3 0-1

[Event "POL Academic Cup 2nd"]
[Site "Wroclaw"]
[Date "2007.04.29"]
[Round "3"]
[White "Piotrowicz, Marcin"]
[Black "Czaus, Piotr"]
[Result "1/2-1/2"]
[WhiteElo "2100"]
[BlackElo "1939"]
[PlyCount "57"]
[EventDate "2007.04.28"]
[EventType "swiss"]
[EventRounds "9"]
[EventCountry "POL"]
[SourceTitle "EXT 2011"]
[Source "ChessBase"]
[SourceDate "2010.11.26"]
[SourceVersion "1"]
[SourceVersionDate "2010.11.26"]
[SourceQuality "1"]

1. e4 g6 2. Nf3 Bg7 3. d4 d6 4. Be2 c6 5. 0-0 Nf6 6. Nc3 h5 7. h3 b5 8. a3 0-0 9. Bf4 a5 10. Ng5 Nbd7 11. e5 Ne8 12. e6 fxe6 13. Nxe6 Qb6 14. Nxf8 Nxf8 15. Be3 d5 16. Bf3 Ra7 17. Ne2 Nd6 18. Nf4 Nc4 19. b3 Nxe3 20. fxe3 e5 21. Nxd5 cxd5 22. Bxd5+ Be6 23. Bxe6+ Nxe6 24. c3 exd4 25. cxd4 Nxd4 26. exd4 Qxd4+ 27. Qxd4 Bxd4+ 28. Kh2 Bxa1 29. Rxa1 1/2-1/2

[Event "POL Academic Cup 2nd"]
[Site "Wroclaw"]
[Date "2007.04.29"]
[Round "2"]
[White "Rutkowski, Maciej"]
[Black "Piotrowicz, Marcin"]
[Result "1-0"]
[WhiteElo "2347"]
[BlackElo "2100"]
[PlyCount "95"]
[EventDate "2007.04.28"]
[EventType "swiss"]
[EventRounds "9"]
[EventCountry "POL"]
[SourceTitle "EXT 2011"]
[Source "ChessBase"]
[SourceDate "2010.11.26"]
[SourceVersion "1"]
[SourceVersionDate "2010.11.26"]
[SourceQuality "1"]

1. e4 c6 2. Nc3 d5 3. Nf3 Bg4 4. h3 Bxf3 5. Qxf3 e6 6. d3 Nf6 7. Bd2 Nbd7 8. g4 h6 9. Bg2 Bd6 10. 0-0 d4 11. Nb1 Qc7 12. Qe2 Bh2+ 13. Kh1 Bf4 14. Bxf4 Qxf4 15. Qd2 g5 16. c3 Ne5 17. cxd4 Qxd2 18. Nxd2 Nxd3 19. Nc4 0-0-0 20. e5 Ne8 21. Rad1 Rxd4 22. Kg1 Rxc4 23. Rxd3 Nc7 24. Rf3 Rh7 25. Rf6 Ne8 26. Rf3 Rc2 27. Rd1 Nc7 28. Rfd3 Rh8 29. Rd7 Rf8 30. Re7 Nd5 31. Bxd5 exd5 32. b4 a6 33. Rd3 Rxa2 34. Rf3 Kd8 35. Rxb7 Re2 36. Ra3 Kc8 37. Ra7 Re8 38. R3xa6 R8xe5 39. Rxc6+ Kb8 40. Rxf7 Re6 41. Rcc7 R2e5 42. Rb7+ Kc8 43. Rfc7+ Kd8 44. Rd7+ Kc8 45. Rbc7+ Kb8 46. Rc5 Re1+ 47. Kg2 Rb1 48. Rb5+ 1-0